Detalles MARC
| 000 -CABECERA |
| fixed length control field |
01286aam a2200361 a 4500 |
| 003 - CONTROL NUMBER IDENTIFIER |
| control field |
AR-BeUNQ |
| 005 - FECHA Y HORA DE LA ULTIMA TRANSACCION |
| control field |
20241129153051.0 |
| 007 - CAMPO FIJO DE DESCRIPCION FIJA - INFORMACION GENERAL |
| fixed length control field |
ta |
| 008 - ELEMENTOS DE LONGITUD FIJA-INFORMACION GENERAL |
| fixed length control field |
140915s2015 ag c 000 f spa |
| 015 ## - NATIONAL BIBLIOGRAPHY NUMBER |
| National bibliography number |
AR-2015 |
| 020 ## - NUMERO INTERNACIONAL NORMALIZADO PARA LIBROS |
| Número Internacional Normalizado del libro |
9789507534294 |
| 040 ## - FUENTE DE CATALOGACION |
| Agencia de catalogación original |
AR-BaBN |
| Idioma de catalogación |
ESPAÑOL |
| Agencia que realiza la transcripción |
AR-BaBN |
| Convenciones de la descripción |
aacr |
| Agencia que realiza la modificación |
AR-BeUNQ |
| 044 ## - COUNTRY OF PUBLISHING/PRODUCING ENTITY CODE |
| MARC country code |
ag |
| ISO country code |
ar-b |
| 082 04 - NUMERO DE CLASIFICACION DECIMAL DEWEYMBER |
| Número de clasificación |
Ar863 |
| Número de la edición |
21 |
| 100 1# - ASIENTO PRINCIPAL-NOMBRE PERSONAL |
| Nombre personal |
Carreras de Sosa, Lydia, |
| Fecha asociada al nombre |
1949- |
| 245 10 - MENCION DE TITULO |
| Título |
Si alguien te espera / |
| Mención de responsabilidad, etc |
Lydia Carreras de Sosa. |
| 250 ## - MENCION DE EDICION |
| Mención de edición |
1a ed., 2a reimpr. |
| 260 ## - PUBLICACION, DISTRIBUCION, ETC. |
| Lugar de publicación, distribución, etc. |
San Isidro, Argentina : |
| Nombre del editor, distribuidor, etc. |
Estrada, |
| Fecha de publicación, distribución, etc |
c2021 |
| 300 ## - DESCRIPCION FISICA |
| Extensión |
161 p. ; |
| Dimensiones |
20 cm. |
| 490 1# - MENCION DE SERIE |
| Mención de serie |
Aldea Literaria |
| 521 1# - NOTA DE AUDIENCIA |
| Nota de audiencia |
Edad sugerida desde los 13 años. |
| 650 #7 - ASIENTO SECUNDARIO DE MATERIA - TERMINO TEMATICO |
| Término temático o nombre geográfico como elemento de entrada |
Literatura (Arte) |
| Fuente del encabezamiento o términ |
spines |
| 650 #7 - ASIENTO SECUNDARIO DE MATERIA - TERMINO TEMATICO |
| Término temático o nombre geográfico como elemento de entrada |
Literatura argentina |
| Fuente del encabezamiento o términ |
ttll |
| 650 #7 - ASIENTO SECUNDARIO DE MATERIA - TERMINO TEMATICO |
| Término temático o nombre geográfico como elemento de entrada |
Literatura infantil |
| Fuente del encabezamiento o términ |
ttll |
| 655 #7 - TERMINO DE INDIZACION - GENERO/FORMA |
| Datos o término principal de género/forma |
Novelas |
| Fuente del encabezamiento o término de indización |
ttll |
| 830 #0 - ASIENTO SECUNDARIO DE SERIE--TITULO UNIFORME |
| Título uniforme |
Aldea Literaria (Estrada) |
| 929 ## - DATOS DE ADQUISICION |
| Procedencia |
COMPRA |
| Proveedor |
Ciencia y Técnica |
| Orden de compra |
Compra 2023 Exp. 827-2000/2023 |
| Precio |
6500 |
| Fecha de recibido |
20240116 |
| Patrimonio UNQ |
PAT0081294 |
| Es copia |
1 |
| Número de inventario |
62623 |
| 929 ## - DATOS DE ADQUISICION |
| Procedencia |
COMPRA |
| Proveedor |
Ciencia y Técnica |
| Orden de compra |
Compra 2023 Exp. 827-2000/2023 |
| Precio |
6500 |
| Fecha de recibido |
20240116 |
| Patrimonio UNQ |
PAT0081295 |
| Es copia |
2 |
| Número de inventario |
62624 |
| 929 ## - DATOS DE ADQUISICION |
| Procedencia |
COMPRA |
| Proveedor |
Ciencia y Técnica |
| Orden de compra |
Compra 2023 Exp. 827-2000/2023 |
| Precio |
6500 |
| Fecha de recibido |
20240116 |
| Patrimonio UNQ |
PAT0081296 |
| Es copia |
3 |
| Número de inventario |
62624 |
| 942 ## - ELEMENTOS DE PUNTO DE ACCESO ADICIONAL (KOHA) |
| Tipo de ítem Koha |
Libros |